Squads since 2010: Real Madrid - Statistics

General Stats
  • This quiz has been taken 1,046 times
    533 since last reset
  • The average score is 292 of 405
Answer Stats
Season Country Pos. # Player % Correct
23/24 Belgium GK 1 Thibaut Courtois
99%
22/23 Belgium GK 1 Thibaut Courtois
99%
21/22 Belgium GK 1 Thibaut Courtois
99%
20/21 Belgium GK 1 Thibaut Courtois
99%
19/20 Belgium GK 13 Thibaut Courtois
99%
18/19 Belgium GK 25 Thibaut Courtois
99%
17/18 Portugal FW 7 Cristiano Ronaldo
98%
16/17 Portugal FW 7 Cristiano Ronaldo
98%
15/16 Portugal FW 7 Cristiano Ronaldo
98%
14/15 Portugal FW 7 Cristiano Ronaldo
98%
13/14 Portugal FW 7 Cristiano Ronaldo
98%
12/13 Portugal FW 7 Cristiano Ronaldo
98%
11/12 Portugal FW 7 Cristiano Ronaldo
98%
10/11 Portugal FW 7 Cristiano Ronaldo
98%
23/24 Austria DF 4 David Alaba
98%
22/23 Austria DF 4 David Alaba
98%
21/22 Austria DF 4 David Alaba
98%
23/24 Croatia MF 10 Luka Modrić
98%
22/23 Croatia MF 10 Luka Modrić
98%
21/22 Croatia MF 10 Luka Modrić
98%
20/21 Croatia MF 10 Luka Modrić
98%
19/20 Croatia MF 10 Luka Modrić
98%
18/19 Croatia MF 10 Luka Modrić
98%
17/18 Croatia MF 10 Luka Modrić
98%
16/17 Croatia MF 19 Luka Modrić
98%
15/16 Croatia MF 19 Luka Modrić
98%
14/15 Croatia MF 19 Luka Modrić
98%
13/14 Croatia MF 19 Luka Modrić
98%
12/13 Croatia MF 19 Luka Modrić
98%
23/24 Germany MF 8 Toni Kroos
98%
22/23 Germany MF 8 Toni Kroos
98%
21/22 Germany MF 8 Toni Kroos
98%
20/21 Germany MF 8 Toni Kroos
98%
19/20 Germany MF 8 Toni Kroos
98%
18/19 Germany MF 8 Toni Kroos
98%
17/18 Germany MF 8 Toni Kroos
98%
16/17 Germany MF 8 Toni Kroos
98%
15/16 Germany MF 8 Toni Kroos
98%
14/15 Germany MF 8 Toni Kroos
98%
23/24 Spain DF 2 Dani Carvajal
97%
22/23 Spain DF 2 Dani Carvajal
97%
21/22 Spain DF 2 Dani Carvajal
97%
20/21 Spain DF 2 Dani Carvajal
97%
19/20 Spain DF 2 Dani Carvajal
97%
18/19 Spain DF 2 Dani Carvajal
97%
17/18 Spain DF 2 Dani Carvajal
97%
16/17 Spain DF 2 Dani Carvajal
97%
15/16 Spain DF 15 Dani Carvajal
97%
14/15 Spain DF 15 Dani Carvajal
97%
13/14 Spain DF 15 Dani Carvajal
97%
22/23 France FW 9 Karim Benzema
97%
21/22 France FW 9 Karim Benzema
97%
20/21 France FW 9 Karim Benzema
97%
19/20 France FW 9 Karim Benzema
97%
18/19 France FW 9 Karim Benzema
97%
17/18 France FW 9 Karim Benzema
97%
16/17 France FW 9 Karim Benzema
97%
15/16 France FW 9 Karim Benzema
97%
14/15 France FW 9 Karim Benzema
97%
13/14 France FW 9 Karim Benzema
97%
12/13 France FW 9 Karim Benzemá
97%
11/12 France FW 9 Karim Benzema
97%
10/11 France FW 9 Karim Benzema
97%
23/24 Brazil FW 7 Vinícius Júnior
97%
22/23 Brazil FW 20 Vinícius Júnior
97%
21/22 Brazil FW 20 Vinícius Júnior
97%
20/21 Brazil FW 20 Vinícius Júnior
97%
19/20 Brazil FW 25 Vinícius Júnior
97%
18/19 Brazil FW 28 Vinícius Júnior
97%
23/24 Uruguay MF 15 Fede Valverde
96%
22/23 Uruguay MF 15 Fede Valverde
96%
21/22 Uruguay MF 15 Fede Valverde
96%
20/21 Uruguay MF 15 Fede Valverde
96%
19/20 Uruguay MF 15 Fede Valverde
96%
18/19 Uruguay MF 15 Fede Valverde
96%
21/22 Wales FW 18 Gareth Bale
96%
19/20 Wales FW 11 Gareth Bale
96%
18/19 Wales FW 11 Gareth Bale
96%
17/18 Wales FW 11 Gareth Bale
96%
16/17 Wales FW 11 Gareth Bale
96%
15/16 Wales FW 11 Gareth Bale
96%
14/15 Wales FW 11 Gareth Bale
96%
13/14 Wales FW 11 Gareth Bale
96%
23/24 England MF 5 Jude Bellingham
96%
23/24 Brazil FW 11 Rodrygo Goes
96%
22/23 Brazil FW 21 Rodrygo Goes
96%
21/22 Brazil FW 21 Rodrygo Goes
96%
20/21 Brazil FW 25 Rodrygo Goes
96%
19/20 Brazil FW 27 Rodrygo Goes
96%
20/21 Spain DF 4 Sergio Ramos
96%
19/20 Spain DF 4 Sergio Ramos
96%
18/19 Spain DF 4 Sergio Ramos
96%
17/18 Spain DF 4 Sergio Ramos
96%
16/17 Spain DF 4 Sergio Ramos
96%
15/16 Spain DF 4 Sergio Ramos
96%
14/15 Spain DF 4 Sergio Ramos
96%
13/14 Spain DF 4 Sergio Ramos
96%
12/13 Spain DF 4 Sergio Ramos
96%
11/12 Spain DF 4 Sergio Ramos
96%
10/11 Spain DF 4 Sergio Ramos
96%
18/19 Costa Rica GK 1 Keylor Navas
95%
17/18 Costa Rica GK 1 Keylor Navas
95%
16/17 Costa Rica GK 1 Keylor Navas
95%
15/16 Costa Rica GK 1 Keylor Navas
95%
14/15 Costa Rica GK 13 Keylor Navas
95%
23/24 Ukraine GK 13 Andriy Lunin
94%
22/23 Ukraine GK 13 Andriy Lunin
94%
21/22 Ukraine GK 13 Andriy Lunin
94%
20/21 Ukraine GK 13 Andriy Lunin
94%
17/18 Spain GK 13 Kiko Casilla
94%
16/17 Spain GK 13 Kiko Casilla
94%
15/16 Spain GK 13 Kiko Casilla
94%
16/17 Portugal DF 3 Pepe
94%
15/16 Portugal DF 3 Pepe
94%
14/15 Portugal DF 3 Pepe
94%
13/14 Portugal DF 3 Pepe
94%
12/13 Portugal DF 3 Pepe
94%
11/12 Portugal DF 3 Pepe
94%
10/11 Portugal DF 3 Pepe
94%
23/24 Brazil DF 3 Éder Militão
93%
22/23 Brazil DF 3 Éder Militão
93%
21/22 Brazil DF 3 Éder Militão
93%
20/21 Brazil DF 3 Éder Militão
93%
19/20 Brazil DF 3 Éder Militão
93%
21/22 Brazil DF 12 Marcelo Vieira
93%
20/21 Brazil DF 12 Marcelo Vieira
93%
19/20 Brazil DF 12 Marcelo Vieira
93%
18/19 Brazil DF 12 Marcelo Vieira
93%
17/18 Brazil DF 12 Marcelo Vieira
93%
16/17 Brazil DF 12 Marcelo Vieira
93%
15/16 Brazil DF 12 Marcelo Vieira
93%
14/15 Brazil DF 12 Marcelo Vieira
93%
13/14 Brazil DF 12 Marcelo Vieira
93%
12/13 Brazil DF 12 Marcelo Vieira
93%
11/12 Brazil DF 12 Marcelo Vieira
93%
10/11 Brazil DF 12 Marcelo Vieira
93%
23/24 France MF 12 Eduardo Camavinga
92%
22/23 France DF 12 Eduardo Camavinga
92%
21/22 France MF 25 Eduardo Camavinga
92%
19/20 Colombia MF 16 James Rodríguez
92%
16/17 Colombia MF 10 James Rodríguez
92%
15/16 Colombia MF 10 James Rodríguez
92%
14/15 Colombia MF 10 James Rodríguez
92%
20/21 France DF 5 Raphaël Varane
92%
19/20 France DF 5 Raphaël Varane
92%
18/19 France DF 5 Raphaël Varane
92%
17/18 France DF 5 Raphaël Varane
92%
16/17 France DF 5 Raphaël Varane
92%
15/16 France DF 2 Raphaël Varane
92%
14/15 France DF 2 Raphaël Varane
92%
13/14 France DF 2 Raphaël Varane
92%
12/13 France DF 2 Raphaël Varane
92%
11/12 France DF 19 Raphaël Varane
92%
23/24 Brazil DF 36 Vinícius Tobías
91%
22/23 Brazil MF 14** Carlos Henrique Casemiro
90%
21/22 Brazil MF 14 Carlos Henrique Casemiro
90%
20/21 Brazil MF 14 Carlos Henrique Casemiro
90%
19/20 Brazil MF 14 Carlos Henrique Casemiro
90%
18/19 Brazil MF 14 Carlos Henrique Casemiro
90%
17/18 Brazil MF 14 Carlos Henrique Casemiro
90%
16/17 Brazil MF 14 Carlos Henrique Casemiro
90%
15/16 Brazil MF 14 Carlos Henrique Casemiro
90%
13/14 Brazil MF 16 Carlos Henrique Casemiro
90%
12/13 Brazil MF 38 Carlos Henrique Casemiro
90%
23/24 France MF 18 Aurélien Tchouaméni
89%
22/23 France MF 18 Aurélien Tchouaméni
89%
23/24 Germany DF 22 Antonio Rüdiger
88%
22/23 Germany DF 22 Antonio Rüdiger
88%
23/24 Morocco FW 21 Brahim Díaz
88%
19/20 Morocco MF 21 Brahim Díaz
88%
18/19 Morocco MF 21 Brahim Díaz
88%
22/23 Dominican Republic FW 24 Mariano Díaz
88%
21/22 Dominican Republic FW 24 Mariano Díaz
88%
20/21 Dominican Republic FW 24 Mariano Díaz
88%
19/20 Dominican Republic FW 24 Mariano Díaz
88%
18/19 Dominican Republic FW 7 Mariano Díaz
88%
16/17 Dominican Republic FW 18 Mariano Díaz
88%
22/23 Belgium FW 7 Eden Hazard
87%
21/22 Belgium FW 7 Eden Hazard
87%
20/21 Belgium FW 7 Eden Hazard
87%
19/20 Belgium FW 7 Eden Hazard
87%
23/24 Turkey MF 24 Arda Güler
86%
22/23 Spain FW 11 Marco Asensio
86%
21/22 Spain FW 11 Marco Asensio
86%
20/21 Spain FW 11 Marco Asensio
86%
19/20 Spain FW 20 Marco Asensio
86%
18/19 Spain FW 20 Marco Asensio
86%
17/18 Spain FW 20 Marco Asensio
86%
16/17 Spain FW 20 Marco Asensio
86%
23/24 Spain DF 6 Nacho Fernández
86%
22/23 Spain DF 6 Nacho Fernández
86%
21/22 Spain DF 6 Nacho Fernández
86%
20/21 Spain DF 6 Nacho Fernández
86%
19/20 Spain DF 6 Nacho Fernández
86%
18/19 Spain DF 6 Nacho Fernández
86%
17/18 Spain DF 6 Nacho Fernández
86%
16/17 Spain DF 6 Nacho Fernández
86%
15/16 Spain DF 6 Nacho Fernández
86%
14/15 Spain DF 18 Nacho Fernández
86%
13/14 Spain DF 18 Nacho Fernández
86%
12/13 Spain DF 27 Nacho Fernández
86%
11/12 Spain DF 27 Nacho Fernández
86%
10/11 Spain DF 35 Nacho Fernández
86%
23/24 France DF 23 Ferland Mendy
85%
22/23 France DF 23 Ferland Mendy
85%
21/22 France DF 23 Ferland Mendy
85%
20/21 France DF 23 Ferland Mendy
85%
19/20 France DF 23 Ferland Mendy
85%
14/15 Spain GK 1 Iker Casillas
85%
13/14 Spain GK 1 Iker Casillas
85%
12/13 Spain GK 1 Iker Casillas
85%
11/12 Spain GK 1 Iker Casillas
85%
10/11 Spain GK 1 Iker Casillas
85%
20/21 Norway MF 21* Martin Ødegaard
85%
16/17 Norway MF 26* Martin Ødegaard
85%
14/15 Norway MF 41 Martin Ødegaard
85%
14/15 Argentina FW 22** Ángel Di María
84%
13/14 Argentina FW 22 Ángel Di María
84%
12/13 Argentina FW 22 Ángel Di María
84%
11/12 Argentina FW 22 Ángel Di María
84%
10/11 Argentina FW 22 Ángel Di María
84%
23/24 Spain DF 17 Lucas Vázquez
83%
22/23 Spain DF 17 Lucas Vázquez
83%
21/22 Spain DF 17 Lucas Vázquez
83%
20/21 Spain MF 17 Lucas Vázquez
83%
19/20 Spain MF 17 Lucas Vázquez
83%
18/19 Spain MF 17 Lucas Vázquez
83%
17/18 Spain MF 17 Lucas Vázquez
83%
16/17 Spain MF 17 Lucas Vázquez
83%
15/16 Spain MF 18 Lucas Vázquez
83%
13/14 Germany MF 10** Mesut Özil
79%
12/13 Germany MF 10 Mesut Özil
79%
11/12 Germany MF 10 Mesut Özil
79%
10/11 Germany MF 23 Mesut Özil
79%
16/17 Portugal DF 15 Fábio Coentrão
77%
14/15 Portugal DF 5 Fábio Coentrão
77%
13/14 Portugal DF 5 Fábio Coentrão
77%
12/13 Portugal DF 5 Fábio Coentrão
77%
11/12 Portugal DF 15 Fábio Coentrão
77%
21/22 Spain MF 22 Isco Alarcón
77%
20/21 Spain MF 22 Isco Alarcón
77%
19/20 Spain MF 22 Isco Alarcón
77%
18/19 Spain MF 22 Isco Alarcón
77%
17/18 Spain MF 22 Isco Alarcón
77%
16/17 Spain MF 22 Isco Alarcón
77%
15/16 Spain MF 22 Isco Alarcón
77%
14/15 Spain MF 23 Isco Alarcón
77%
13/14 Spain MF 23 Isco Alarcón
77%
17/18 Croatia MF 23 Mateo Kovačić
77%
16/17 Croatia MF 16 Mateo Kovačić
77%
15/16 Croatia MF 16 Mateo Kovačić
77%
14/15 Germany MF 6 Sami Khedira
77%
13/14 Germany MF 6 Sami Khedira
77%
12/13 Germany MF 6 Sami Khedira
77%
11/12 Germany MF 6 Sami Khedira
77%
10/11 Germany MF 24 Sami Khedira
77%
12/13 Argentina FW 20 Gonzalo Higuaín
74%
11/12 Argentina FW 20 Gonzalo Higuaín
74%
10/11 Argentina MF 20 Gonzalo Higuaín
74%
14/15 Mexico FW 14 Chicharito Hernández
73%
21/22 Serbia FW 16 Luka Jović
73%
20/21 Serbia FW 18* Luka Jović
73%
19/20 Serbia FW 18 Luka Jović
73%
23/24 Spain MF 19 Dani Ceballos
72%
22/23 Spain MF 19 Dani Ceballos
72%
21/22 Spain MF 19 Dani Ceballos
72%
18/19 Spain MF 24 Dani Ceballos
72%
17/18 Spain MF 24 Dani Ceballos
72%
15/16 Spain FW 20 Jesé Rodríguez
72%
14/15 Spain FW 20 Jesé Rodríguez
72%
13/14 Spain FW 20 Jesé Rodríguez
72%
11/12 Spain FW 28 Jesé Rodríguez
72%
17/18 Morocco DF 19 Achraf Hakimi
71%
22/23 Spain DF 5 Jesús Vallejo
68%
21/22 Spain DF 5 Jesús Vallejo
68%
18/19 Spain DF 3 Jesús Vallejo
68%
17/18 Spain DF 3 Jesús Vallejo
68%
12/13 Brazil MF 8 Kaká
68%
11/12 Brazil MF 8 Kaká
68%
10/11 Brazil MF 8 Kaká
68%
23/24 Spain DF 20 Fran García
65%
18/19 Spain DF 37 Fran García
65%
17/18 France DF 15 Theo Hernández
64%
13/14 Brazil FW 39 Willian José
64%
14/15 Spain MF 14** Xabi Alonso
64%
13/14 Spain MF 14 Xabi Alonso
64%
12/13 Spain MF 14 Xabi Alonso
64%
11/12 Spain MF 14 Xabi Alonso
64%
10/11 Spain MF 14 Xabi Alonso
64%
23/24 Uruguay FW 29 Álvaro Rodríguez
62%
22/23 Uruguay FW 39 Álvaro Rodríguez
62%
12/13 Portugal DF 11 Ricardo Carvalho
62%
11/12 Portugal DF 2 Ricardo Carvalho
62%
10/11 Portugal DF 2 Ricardo Carvalho
62%
23/24 Spain FW 14 Joselu Mato
61%
11/12 Spain FW 29 Joselu Mato
61%
10/11 Spain FW 39 Joselu Mato
61%
19/20 France GK 1 Alphonse Areola
60%
15/16 Spain DF 17 Álvaro Arbeloa
58%
14/15 Spain DF 17 Álvaro Arbeloa
58%
13/14 Spain DF 17 Álvaro Arbeloa
58%
12/13 Spain DF 17 Álvaro Arbeloa
58%
11/12 Spain DF 17 Álvaro Arbeloa
58%
10/11 Spain DF 17 Álvaro Arbeloa
58%
23/24 Spain FW 33 Gonzalo García
57%
17/18 Spain MF 32 Óscar Rodríguez
57%
16/17 Spain FW 21 Álvaro Morata
56%
13/14 Spain FW 21 Álvaro Morata
56%
12/13 Spain FW 29 Álvaro Morata
56%
11/12 Spain FW 26 Álvaro Morata
56%
10/11 Spain FW 29 Álvaro Morata
56%
16/17 Brazil DF 23 Danilo Luiz
56%
15/16 Brazil DF 23 Danilo Luiz
56%
10/11 Togo FW 6 Emmanuel Adebayor
55%
13/14 Spain GK 25 Diego López
54%
12/13 Spain GK 25 Diego López
54%
12/13 France MF 24** Lass Diarra
53%
11/12 France MF 24 Lass Diarra
53%
10/11 France MF 10 Lass Diarra
53%
12/13 Ghana MF 15 Michael Essien
53%
18/19 France GK 30 Luca Zidane
52%
17/18 France GK 30 Luca Zidane
52%
10/11 Mali MF 6* Mahamadou Diarra
52%
16/17 France MF 29 Enzo Zidane
51%
15/16 Russia FW 21* Denis Cheryshev
43%
12/13 Russia FW 36 Denis Cheryshev
43%
12/13 Spain DF 18 Raúl Albiol
42%
11/12 Spain DF 18 Raúl Albiol
42%
10/11 Spain DF 18 Raúl Albiol
42%
23/24 Argentina MF 32 Nico Paz
41%
11/12 Turkey MF 5 Nuri Şahin
41%
10/11 Poland GK 25 Jerzy Dudek
38%
22/23 Spain DF 16 Álvaro Odriozola
36%
20/21 Spain DF 19 Álvaro Odriozola
36%
19/20 Spain DF 19* Álvaro Odriozola
36%
18/19 Spain DF 19 Álvaro Odriozola
36%
10/11 Argentina MF 5 Fernando Gago
36%
14/15 Spain MF 24 Asier Illarramendi
35%
13/14 Spain MF 24 Asier Illarramendi
35%
14/15 Spain DF 34 Diego Llorente
34%
13/14 Spain DF 38 Diego Llorente
34%
12/13 Spain DF 37 Diego Llorente
34%
23/24 Spain GK 25 Kepa Arrizabalaga
34%
18/19 Spain MF 18 Marcos Llorente
34%
17/18 Spain MF 18 Marcos Llorente
34%
15/16 Spain MF 28 Marcos Llorente
34%
11/12 Turkey MF 16 Hamit Altıntop
32%
14/15 Brazil MF 16 Lucas Silva
30%
12/13 Spain GK 13 Antonio Adán
27%
11/12 Spain GK 13 Antonio Adán
27%
10/11 Spain GK 13 Antonio Adán
27%
11/12 Spain MF 11 Esteban Granero
27%
10/11 Spain MF 11 Esteban Granero
27%
12/13 Spain FW 21 José Callejón
27%
11/12 Spain FW 21 José Callejón
27%
20/21 Spain FW 16** Borja Mayoral
26%
18/19 Spain FW 21** Borja Mayoral
26%
17/18 Spain FW 21 Borja Mayoral
26%
15/16 Spain FW 29 Borja Mayoral
26%
12/13 Spain GK 35 Jesús Fernández
25%
10/11 Spain GK 28 Jesús Fernández
25%
12/13 Spain MF 30 Álex Fernández
24%
10/11 Spain MF 30 Álex Fernández
24%
18/19 Spain DF 23 Sergio Reguilón
23%
10/11 Argentina DF 19 Ezequiel Garay
21%
21/22 Spain FW 44 Peter González
21%
23/24 Spain MF 28 Mario Martín
19%
22/23 Spain MF 31 Mario Martín
19%
12/13 Brazil DF 33 Fabinho Tavares
18%
18/19 Spain FW 27 Cristo González
16%
18/19 Spain DF 31 Javi Sánchez
16%
21/22 Spain DF 35 Miguel Gutiérrez
13%
20/21 Spain DF 35 Miguel Gutiérrez
13%
10/11 Spain MF 21 Pedro León
13%
16/17 Spain GK 25 Rubén Yáñez
12%
15/16 Austria DF 32 Philipp Lienhart
11%
20/21 Spain MF 30 Sergio Arribas
11%
10/11 Spain MF 16 Sergio Canales
11%
14/15 Spain GK 25 Fernando Pacheco
10%
11/12 Spain GK 31 Fernando Pacheco
10%
22/23 Spain MF 33 Sergio Arribas
10%
10/11 Spain DF 26 Juankar Pérez
9%
21/22 Spain MF 27 Antonio Blanco
7%
20/21 Spain MF 31 Antonio Blanco
7%
20/21 Spain MF 28 Marvin Park
7%
14/15 Spain FW 27 Raúl de Tomás
7%
20/21 Spain DF 32 Víctor Chust
7%
20/21 Spain FW 34 Hugo Duro
6%
21/22 Spain DF 34 Mario Gila
5%
17/18 Spain DF 27 Álvaro Tejero
4%
16/17 Spain DF 27 Álvaro Tejero
4%
15/16 Spain DF 34 Álvaro Tejero
4%
21/22 Spain FW 29 Juanmi Latasa
4%
11/12 Portugal DF 34 Pedro Mendes
4%
23/24 Spain DF 34 Álvaro Carrillo
3%
14/15 Spain MF 26 Álvaro Medrán
3%
14/15 Spain MF 37 Javi Muñoz
3%
12/13 Spain MF 39 Omar Mascarell
3%
21/22 Spain DF 43 Sergio Santos
3%
10/11 Spain GK 40 Tomás Mejías
3%
11/12 Spain DF 38 Jorge Casado
2%
18/19 Spain MF 36 Álvaro Fidalgo
1%
17/18 Argentina FW 29 Franchu Feuillassier
1%
17/18 Spain MF 38 Jaime Seoane
1%
17/18 Dominican Republic MF 31 Luismi Quezada
1%
No matching quizzes found
Score Distribution
Percent of People with Each Score
Percentile by Number Answered
Your Score History
You have not taken this quiz since the last reset